ARRUPE JESUIT UNIVERSITY

CORONAVIRUS -STOP THE SPREAD - CLEAN,DISINFECT,COVER

Celebration and Challenge (Record no. 124579)

MARC details
000 -LEADER
fixed length control field 00482nam a22001457a 4500
008 - FIXED-LENGTH DATA ELEMENTS--GENERAL INFORMATION
fixed length control field 160412b xxu||||| |||| 00| 0 eng d
050 ## - LIBRARY OF CONGRESS CALL NUMBER
Classification number BV636.C392
100 ## - MAIN ENTRY--PERSONAL NAME
Personal name Commission on World Mission, Evangelism
9 (RLIN) 23804
245 ## - TITLE STATEMENT
Title Celebration and Challenge
Statement of responsibility, etc / Commission on World mission and Education
260 ## - PUBLICATION, DISTRIBUTION, ETC. (IMPRINT)
Place of publication, distribution, etc Geneva
Name of publisher, distributor, etc World Council of Churches
Date of publication, distribution, etc 1987
300 ## - PHYSICAL DESCRIPTION
Extent 242p. ;
Dimensions 22cm.
650 ## - SUBJECT ADDED ENTRY--TOPICAL TERM
Topical term or geographic name as entry element Urbarn ministry
9 (RLIN) 23704
650 ## - SUBJECT ADDED ENTRY--TOPICAL TERM
Topical term or geographic name as entry element Rural ministry
9 (RLIN) 23670
942 ## - ADDED ENTRY ELEMENTS (KOHA)
Source of classification or shelving scheme Library of Congress Classification
Item type Monograph ( Printed materials)
Holdings
Withdrawn status Lost status Source of classification or shelving scheme Damaged status Not for loan Collection code Home library Current library Shelving location Date acquired Total Checkouts Full call number Barcode Date last seen Price effective from Koha item type
    Library of Congress Classification     Main Collection ARRUPE LIBRARY ARRUPE LIBRARY Main Collection 12/04/2016   BV636.C392 46500006959 12/04/2016 12/04/2016 Monograph ( Printed materials)

 

Arrupe Library. PO Box MP320 Mt Pleasant, Harare, Zimbabwe
263 242 745411|librarian@aju.ac.zw